[Event "17th Unive op"]
[Site "Hoogeveen NED"]
[Date "2013.10.24"]
[Round "7.24"]
[White "Vogel, Jaap"]
[Black "Hoffman, Ron"]
[Result "1-0"]
[WhiteElo "2180"]
[BlackElo "2055"]
[EventDate "2013.10.18"]
[PlyCount "213"]

1.d4 Nf6 2.Nf3 g6 3.g3 Bg7 4.Bg2 O-O 5.O-O d6 6.c4 c6 7.Nc3 Nbd7 8.e4 Qa5 
9.Rb1 e5 10.d5 cxd5 11.cxd5 b5 12.b4 Qa6 13.a4 bxa4 14.Re1 Nb6 15.Bf1 Qb7 
16.b5 Bd7 17.Nxa4 Nxa4 18.Qxa4 a6 19.Qb4 axb5 20.Qxd6 Rfe8 21.Nxe5 Ra6 22.
Nc6 Nxd5 23.Rxb5 Qxc6 24.Qxd5 Qxd5 25.Rxd5 Be6 26.Bxa6 Bxd5 27.f3 h5 28.
Bf4 Be6 29.Rb1 Bd4+ 30.Kg2 Kh7 31.Bb7 Rd8 32.Rd1 Kg8 33.Bd5 Bf6 34.Rd2 Bc8
35.Ra2 Bd7 36.Ra6 Kg7 37.h4 Rc8 38.Ra2 Rc3 39.Rd2 Ba4 40.e5 Be7 41.Ra2 Bb3
42.Bxb3 Rxb3 43.Ra7 Rb2+ 44.Kh3 Kf8 45.Ra8+ Kg7 46.Re8 Rb7 47.Bc1 Kh7 48.
Bd2 Rc7 49.Ba5 Ra7 50.Bc3 Rc7 51.Bd4 Rd7 52.e6 Rxd4 53.Rxe7 Kg8 54.Rxf7 
Rd3 55.f4 Re3 56.f5 gxf5 57.Rxf5 Rxe6 58.Rxh5 Re4 59.Ra5 Kg7 60.Ra3 Kh6 
61.g4 Rb4 62.Kg3 Rc4 63.Ra6+ Kh7 64.h5 Rb4 65.Rf6 Ra4 66.Re6 Kg7 67.Rd6 
Rb4 68.Rc6 Ra4 69.Rb6 Rc4 70.Ra6 Rb4 71.Kh4 Kh7 72.Ra7+ Kh6 73.Ra5 Rc4 74.
Rb5 Ra4 75.Rc5 Rb4 76.Rd5 Ra4 77.Re5 Rb4 78.Re6+ Kh7 79.Kg5 Ra4 80.Kf5 Ra1
81.Kf6 Rf1+ 82.Kg5 Ra1 83.Re7+ Kg8 84.Kg6 Ra6+ 85.Kf5 Ra5+ 86.Kf6 Ra1 87.
Re8+ Kh7 88.Re7+ Kh8 89.Kg6 Ra6+ 90.Kf5 Ra1 91.g5 Ra5+ 92.Kf6 Ra6+ 93.Kf7 
Ra1 94.Re8+ Kh7 95.g6+ Kh6 96.Rh8+ Kg5 97.Ke6 Ra6+ 98.Ke5 Ra5+ 99.Kd4 Kf6 
100.Rh7 Ra4+ 101.Kc5 Rh4 102.g7 Kf7 103.h6 Rh5+ 104.Kd6 Rg5 105.Rh8 Rg6+ 
106.Ke5 Rg1 107.Rf8+ 1-0

[Event "17th Unive op"]
[Site "Hoogeveen NED"]
[Date "2013.10.24"]
[Round "7.25"]
[White "Gieben, Stijn"]
[Black "Hovenga, Alje"]
[Result "1-0"]
[WhiteElo "2022"]
[BlackElo "2177"]
[EventDate "2013.10.18"]
[PlyCount "37"]

1.e4 Nc6 2.Nf3 f5 3.exf5 d5 4.d4 Bxf5 5.Bb5 e6 6.Ne5 a6 7.Bxc6+ bxc6 8.
Qh5+ g6 9.Qe2 h5 10.Nxc6 Qh4 11.c4 dxc4 12.Nc3 Ne7 13.Qxc4 Kf7 14.Ne5+ Kg7
15.O-O Qf6 16.Qxc7 h4 17.Nd7 Qf7 18.Bf4 Rh5 19.Qe5+ 1-0

[Event "17th Unive op"]
[Site "Hoogeveen NED"]
[Date "2013.10.24"]
[Round "7.27"]
[White "Van Foreest, Lucas"]
[Black "Hendriks, Richard V"]
[Result "1-0"]
[WhiteElo "2122"]
[BlackElo "2104"]
[EventDate "2013.10.18"]
[PlyCount "97"]

1.e4 e5 2.Nf3 Nc6 3.Bb5 f5 4.d3 fxe4 5.dxe4 Nf6 6.O-O Bc5 7.Bxc6 bxc6 8.
Nxe5 O-O 9.Nd3 Bb6 10.Bg5 Qe8 11.Bxf6 Rxf6 12.Nd2 Ba6 13.Qg4 Rg6 14.Qe2 
Qe6 15.Kh1 Rh6 16.f4 Qf6 17.Qf3 Qh4 18.h3 Rg6 19.Kh2 d5 20.exd5 Bxd3 21.
cxd3 Re8 22.Nc4 Bd4 23.dxc6 Rge6 24.Qd5 Qd8 25.Qxd8 Rxd8 26.Rae1 Rxc6 27.
Rf3 h6 28.a3 Rc5 29.b4 Rcd5 30.Re7 c6 31.Rc7 Re8 32.Rxc6 Re1 33.Rd6 Bg1+ 
34.Kg3 Rf5 35.h4 Rf7 36.Ne5 Rc7 37.Rc6 Re7 38.h5 Re8 39.Rc7 Bd4 40.Nc6 Bb6
41.Rd7 R8e2 42.d4 Rc1 43.Ne7+ Kf8 44.Ng6+ Ke8 45.Rxg7 Rcc2 46.Nh4 Bxd4 47.
Rg6 Bf2+ 48.Kg4 Re1 49.g3 1-0

[Event "17th Unive op"]
[Site "Hoogeveen NED"]
[Date "2013.10.24"]
[Round "7.28"]
[White "Schoehuys, Erik"]
[Black "Lopez, Jasel"]
[Result "0-1"]
[WhiteElo "2184"]
[BlackElo "2130"]
[EventDate "2013.10.18"]
[PlyCount "90"]

1.d4 Nf6 2.c4 c5 3.d5 e5 4.Nc3 d6 5.e4 Be7 6.Nf3 Nbd7 7.Rb1 O-O 8.Be2 Re8 
9.O-O Nf8 10.Ne1 Ng6 11.Nd3 h6 12.b4 b6 13.bxc5 bxc5 14.Bd2 Rf8 15.Rb2 Ne8
16.Bg4 Bg5 17.Bxc8 Bxd2 18.Qxd2 Rxc8 19.Rb7 Rc7 20.Rfb1 Nh4 21.Rxc7 Qxc7 
22.f4 exf4 23.Qxf4 Ng6 24.Qg3 Qa5 25.Rb3 Qa6 26.e5 Nxe5 27.Nxe5 dxe5 28.
Qxe5 Nd6 29.Ne4 Qxa2 30.Nxc5 Nxc4 31.Qd4 Re8 32.h4 Nd2 33.Rd3 Qb1+ 34.Kh2 
Nf1+ 35.Kh3 Qe1 36.d6 Ne3 37.Qf4 Qg1 38.Qh2 Qf2 39.Rd4 Qf5+ 40.g4 Qf3+ 41.
Qg3 Qh1+ 42.Qh2 Qf1+ 43.Kg3 Nf5+ 44.gxf5 Re3+ 45.Kg4 Qf3# 0-1

[Event "17th Unive op"]
[Site "Hoogeveen NED"]
[Date "2013.10.24"]
[Round "7.29"]
[White "Sadallah, Osama"]
[Black "Dijkhuis, Sven"]
[Result "1-0"]
[WhiteElo "2114"]
[BlackElo "1921"]
[EventDate "2013.10.18"]
[PlyCount "45"]

1.d4 Nf6 2.c4 c5 3.d5 e6 4.Nc3 exd5 5.cxd5 d6 6.e4 g6 7.h3 Bg7 8.Nf3 O-O 
9.Bd3 Re8 10.O-O Na6 11.Bf4 Nc7 12.Nd2 Nh5 13.Bh2 Rb8 14.a4 b6 15.Bb5 Bd7 
16.Be2 Nf6 17.Bxd6 Ra8 18.Bh2 Bc8 19.Re1 Na6 20.Bb5 Nd7 21.Bc6 Rb8 22.Nc4 
Qe7 23.d6 1-0

[Event "17th Unive op"]
[Site "Hoogeveen NED"]
[Date "2013.10.24"]
[Round "7.31"]
[White "Henseler, Jorgen"]
[Black "Ritsema, Ronald JE"]
[Result "1/2-1/2"]
[WhiteElo "2088"]
[BlackElo "2012"]
[EventDate "2013.10.18"]
[PlyCount "42"]

1.e4 e6 2.d4 d5 3.Nc3 Bb4 4.e5 c5 5.a3 Bxc3+ 6.bxc3 Qa5 7.Bd2 Qa4 8.Qg4 g6
9.Nf3 Nc6 10.Be2 h6 11.O-O c4 12.Rfc1 Bd7 13.Qh4 Nge7 14.h3 O-O-O 15.Nh2 
Kb8 16.Qf4 Nf5 17.Ng4 g5 18.Qh2 Qa5 19.Rd1 Nce7 20.Nf6 Ba4 21.Rac1 Ka8 
1/2-1/2

[Event "17th Unive op"]
[Site "Hoogeveen NED"]
[Date "2013.10.24"]
[Round "7.32"]
[White "Stavast, Dick"]
[Black "Cebula, Jerzy"]
[Result "1-0"]
[WhiteElo "2088"]
[BlackElo "2001"]
[EventDate "2013.10.18"]
[PlyCount "35"]

1.d4 Nf6 2.c4 c5 3.Nf3 cxd4 4.Nxd4 Nc6 5.Nc3 Qb6 6.Nb3 d6 7.e4 Ng4 8.c5 
dxc5 9.Nd5 Qd8 10.Bf4 e5 11.Bd2 a6 12.Rc1 b6 13.a4 Nf6 14.Bg5 Be7 15.Bxf6 
gxf6 16.Qh5 Be6 17.Bc4 O-O 18.Rc3 1-0

[Event "17th Unive op"]
[Site "Hoogeveen NED"]
[Date "2013.10.24"]
[Round "7.34"]
[White "Lessmann, Francis"]
[Black "Hummel, Paul"]
[Result "1-0"]
[WhiteElo "2109"]
[BlackElo "2023"]
[EventDate "2013.10.18"]
[PlyCount "103"]

1.d4 Nf6 2.c4 e6 3.Nf3 c5 4.d5 exd5 5.cxd5 d6 6.Nc3 g6 7.Qa4+ Bd7 8.Qb3 
Qb6 9.Qxb6 axb6 10.Bg5 Bg7 11.Bf4 b5 12.Bxd6 b4 13.Nd1 Na6 14.e3 b5 15.Be2
Nxd5 16.O-O Nf6 17.Re1 Ne4 18.Be5 f6 19.Bd3 Bc6 20.Bf4 O-O 21.Rc1 Rfd8 22.
Bb1 g5 23.Bg3 h5 24.h3 Re8 25.Bh2 Rad8 26.Re2 Rd7 27.Nd4 Bb7 28.Nxb5 Red8 
29.Re1 h4 30.a4 Rd2 31.Nc7 Nxc7 32.Bxc7 R8d7 33.Bb6 f5 34.a5 Ng3 35.Ba2+ 
Kh8 36.Bc4 g4 37.a6 Ba8 38.Bb5 R7d5 39.hxg4 Ne4 40.gxf5 Rxf5 41.f3 Rg5 42.
Re2 Rd6 43.Bc7 Rdg6 44.Bd3 Ng3 45.Bxg3 Rxg3 46.Bxg6 Rxg6 47.Rxc5 Rxa6 48.
Rh5+ Kg8 49.Rxh4 Ra1 50.Rd2 b3 51.Rg4 Bc6 52.Kf2 1-0

[Event "17th Unive op"]
[Site "Hoogeveen NED"]
[Date "2013.10.24"]
[Round "7.35"]
[White "Lecomte, Robin"]
[Black "Algera, Simon"]
[Result "1-0"]
[WhiteElo "2040"]
[BlackElo "2108"]
[EventDate "2013.10.18"]
[PlyCount "47"]

1.e4 c6 2.d4 d5 3.e5 c5 4.dxc5 Nc6 5.Nf3 Bg4 6.c3 e6 7.b4 Nge7 8.Nbd2 Qc7 
9.Qa4 Bxf3 10.Nxf3 Ng6 11.b5 Ncxe5 12.b6+ Qd7 13.Bb5 Nc6 14.Nd4 Nge7 15.
Bf4 f6 16.Bd6 Kf7 17.Bxe7 Qxe7 18.Nxc6 Qxc5 19.O-O bxc6 20.Bxc6 Rc8 21.
bxa7 Bd6 22.a8=Q Rxa8 23.Bxa8 d4 24.cxd4 1-0

[Event "17th Unive op"]
[Site "Hoogeveen NED"]
[Date "2013.10.24"]
[Round "7.36"]
[White "Slingerland, Caroline"]
[Black "Vos, Tjark"]
[Result "1/2-1/2"]
[WhiteElo "2084"]
[BlackElo "2097"]
[EventDate "2013.10.18"]
[PlyCount "45"]

1.d4 Nf6 2.Nc3 d5 3.Bg5 Nbd7 4.e3 e6 5.a3 c5 6.Nf3 Be7 7.Be2 O-O 8.O-O a6 
9.h3 b5 10.Bf4 Bb7 11.Ne5 Rc8 12.Nxd7 Nxd7 13.Bf3 Bf6 14.Qd2 Nb6 15.Be2 
cxd4 16.exd4 Nc4 17.Bxc4 Rxc4 18.Ne2 Qb6 19.c3 a5 20.Ng3 Rfc8 21.Nh5 Qd8 
22.Nxf6+ Qxf6 23.Bd6 1/2-1/2

[Event "17th Unive op"]
[Site "Hoogeveen NED"]
[Date "2013.10.24"]
[Round "7.37"]
[White "Martinello, Christian"]
[Black "Van Wageningen, Arie"]
[Result "1/2-1/2"]
[WhiteElo "2163"]
[BlackElo "2036"]
[EventDate "2013.10.18"]
[PlyCount "163"]

1.d4 e6 2.c4 d5 3.Nf3 c6 4.g3 f5 5.Bg2 Nf6 6.O-O Bd6 7.b3 Qe7 8.Bb2 O-O 9.
Nbd2 Ne4 10.Ne1 a5 11.Nd3 Nd7 12.f3 Nef6 13.e4 fxe4 14.fxe4 e5 15.exd5 
cxd5 16.Re1 e4 17.cxd5 Qf7 18.Nxe4 Nxe4 19.Bxe4 Nf6 20.Bg2 Bg4 21.Qd2 Qh5 
22.Ne5 Rfe8 23.a3 Red8 24.Qd3 Bf5 25.Qe2 Qxe2 26.Rxe2 Rac8 27.Nc4 Bd3 28.
Nxd6 Rxd6 29.Rd2 Be4 30.Bh3 Rcd8 31.Be6+ Kf8 32.Rc1 Nxd5 33.Rf2+ Ke7 34.
Bh3 Re8 35.Re1 Kd8 36.Rfe2 Bg6 37.Re5 b6 38.a4 Nb4 39.d5 Nd3 40.Rxe8+ Bxe8
41.Re2 Nxb2 42.Rxb2 Rxd5 43.Be6 Rd1+ 44.Kf2 Bc6 45.Ke3 Kc7 46.Bg8 h6 47.
Rd2 Rf1 48.Bc4 Rf6 49.Bd5 Bxd5 50.Rxd5 Kc6 51.Rb5 Rd6 52.Ke4 g6 53.Ke5 Rd2
54.h4 Rg2 55.Kf4 Rf2+ 56.Ke4 Rc2 57.Ke5 Rc3 58.b4 axb4 59.Rxb4 Rxg3 60.
Rc4+ Kb7 61.Kf6 g5 62.h5 Rd3 63.Re4 Rd6+ 64.Ke7 Rc6 65.Kd7 Rc5 66.Re6 g4 
67.Rxh6 g3 68.Rg6 Rxh5 69.Rxg3 Rd5+ 70.Ke6 Rd4 71.Ra3 Ka6 72.Ke5 Rd1 73.
Ra2 Ka5 74.Rb2 Ra1 75.Rb5+ Ka6 76.Rb4 Rh1 77.Kd6 Rh6+ 78.Kc7 Rg6 79.Rb3 
Ka7 80.Rb4 Rf6 81.Rb5 Ka6 82.Rb4 1/2-1/2

[Event "17th Unive op"]
[Site "Hoogeveen NED"]
[Date "2013.10.24"]
[Round "7.38"]
[White "Smeets, Pierre"]
[Black "Potze, Rudolf"]
[Result "1-0"]
[WhiteElo "2076"]
[BlackElo "2112"]
[EventDate "2013.10.18"]
[PlyCount "63"]

1.d4 Nf6 2.Nf3 g6 3.Bg5 Bg7 4.Nbd2 d5 5.e3 O-O 6.Bd3 Nbd7 7.c3 c6 8.h3 Re8
9.Bf4 Nf8 10.O-O N6d7 11.Qb3 Nb6 12.a4 a5 13.c4 dxc4 14.Nxc4 Nd5 15.Be5 
Nb4 16.Bxg7 Kxg7 17.Nce5 Be6 18.Bc4 Qd6 19.Nxf7 Bxc4 20.Qxc4 Qe6 21.N7e5 
Nd5 22.Rac1 h6 23.Qd3 Red8 24.b3 Nb4 25.Qc4 Qf6 26.Nd2 Nd7 27.Nxd7 Rxd7 
28.Ne4 Qf5 29.Nc5 Rd6 30.Nxb7 Rf6 31.Nc5 Raf8 32.e4 1-0

[Event "17th Unive op"]
[Site "Hoogeveen NED"]
[Date "2013.10.25"]
[Round "8.8"]
[White "De Jong, Migchiel"]
[Black "Ernst, Sipke"]
[Result "0-1"]
[WhiteElo "2345"]
[BlackElo "2573"]
[EventDate "2013.10.18"]
[PlyCount "56"]

1.e4 e5 2.Nf3 Nc6 3.Bb5 a6 4.Ba4 Nge7 5.c3 g6 6.O-O Bg7 7.d4 exd4 8.cxd4 
b5 9.Bb3 d6 10.Nc3 Na5 11.Bg5 h6 12.Bxe7 Qxe7 13.Rc1 c6 14.e5 O-O 15.Ne4 
dxe5 16.Nxe5 Bxe5 17.dxe5 Qxe5 18.Re1 Nxb3 19.Qxb3 Be6 20.Qe3 Bd5 21.Qxh6 
Bxe4 22.Rc3 Rad8 23.Rce3 Qd4 24.h4 Bf5 25.h5 Qh8 26.Qf4 Qxh5 27.f3 Qh8 28.
g4 Be6 0-1

[Event "17th Unive op"]
[Site "Hoogeveen NED"]
[Date "2013.10.25"]
[Round "8.9"]
[White "Lopez, Jasel"]
[Black "Hendriks, Willy"]
[Result "1/2-1/2"]
[WhiteElo "2130"]
[BlackElo "2407"]
[EventDate "2013.10.18"]
[PlyCount "162"]

1.d4 Nf6 2.c4 g6 3.Nc3 Bg7 4.e4 d6 5.f3 O-O 6.Be3 a6 7.Nge2 c6 8.Qd2 b5 9.
Ng3 Nbd7 10.Rc1 Qa5 11.b3 Rb8 12.Be2 bxc4 13.Bxc4 c5 14.O-O cxd4 15.Bxd4 
Bb7 16.Be3 Rfc8 17.Rc2 h5 18.h4 Ne5 19.Be2 Rc6 20.Rfc1 Rbc8 21.Nf1 Kh7 22.
b4 Qd8 23.Na4 Ned7 24.Rxc6 Rxc6 25.Rxc6 Bxc6 26.Nc3 Bb7 27.Bc4 Ne5 28.Bb3 
Qc7 29.Bf2 e6 30.Ne3 Nfd7 31.Na4 Bc6 32.Nb2 Bf8 33.a3 Be7 34.Nbc4 Bb5 35.
Nxe5 Nxe5 36.a4 Bc6 37.f4 Nd7 38.Bc2 Qb7 39.Qd4 Nf6 40.e5 dxe5 41.fxe5 Nd5
42.b5 axb5 43.axb5 Qxb5 44.Nxd5 Bxd5 45.Bd3 Qb3 46.Bf1 Kg7 47.Qd3 Qb2 48.
Bd4 Qc1 49.Bf2 Kg8 50.Qd4 Bc6 51.Qc4 Qxc4 52.Bxc4 Bb4 53.Bb6 Bc3 54.Bc7 
Be1 55.Bd8 Bg3 56.Bf6 Kf8 57.Ba6 Ke8 58.Bc8 Bb5 59.Kh1 Bc4 60.Kg1 Bd3 61.
Kh1 Be2 62.Kg1 Bb5 63.Kh1 Kf8 64.Kg1 Kg8 65.Bb7 Kh7 66.Be4 Be2 67.Bc6 Bd3 
68.Be8 Kg8 69.Kh1 Be2 70.Kg1 Bg4 71.Kh1 Bf5 72.Kg1 g5 73.hxg5 h4 74.Kf1 
Bd3+ 75.Kg1 Bg6 76.Bc6 Kh7 77.Bf3 Kg8 78.Bc6 Bd3 79.Bf3 Kh7 80.Bh5 Bg6 81.
Bf3 Bd3 1/2-1/2

[Event "17th Unive op"]
[Site "Hoogeveen NED"]
[Date "2013.10.25"]
[Round "8.10"]
[White "Donchenko, Alexander"]
[Black "Brookes, Christopher"]
[Result "1-0"]
[WhiteElo "2479"]
[BlackElo "2136"]
[EventDate "2013.10.18"]
[PlyCount "41"]

1.c4 Nf6 2.g3 g6 3.Bg2 Bg7 4.Nc3 O-O 5.d4 d6 6.Nf3 Nbd7 7.O-O e5 8.e4 exd4
9.Nxd4 Re8 10.Re1 a6 11.Be3 Ne5 12.b3 Neg4 13.Bc1 c5 14.Nde2 Rb8 15.h3 Ne5
16.f4 Ned7 17.Qxd6 Nxe4 18.Bxe4 Rxe4 19.Nxe4 Bxa1 20.Rd1 b6 21.Qxb8 1-0

[Event "17th Unive op"]
[Site "Hoogeveen NED"]
[Date "2013.10.25"]
[Round "8.11"]
[White "Van Foreest, Jorden"]
[Black "Wagner, Dennis"]
[Result "1/2-1/2"]
[WhiteElo "2310"]
[BlackElo "2481"]
[EventDate "2013.10.18"]
[PlyCount "72"]

1.c4 Nf6 2.Nc3 g6 3.Nf3 d5 4.cxd5 Nxd5 5.Qa4+ Bd7 6.Qh4 Bc6 7.Qd4 f6 8.e4 
Nxc3 9.bxc3 Bh6 10.d3 Bxc1 11.Rxc1 Qxd4 12.Nxd4 e5 13.Nxc6 Nxc6 14.h4 Ke7 
15.Be2 Nd8 16.Kd2 Ne6 17.Ke3 Rad8 18.g3 Rd6 19.f4 Ra6 20.Rc2 Rf8 21.h5 g5 
22.fxg5 fxg5 23.h6 Nd8 24.Rb2 Rb6 25.Rxb6 axb6 26.d4 Rf6 27.Bc4 Rc6 28.Kd3
Nf7 29.Bxf7 Kxf7 30.dxe5 Ke7 31.Kd4 Rg6 32.Kd5 c6+ 33.Kd4 Ke6 34.c4 c5+ 
35.Ke3 Kxe5 36.Rd1 Rxh6 1/2-1/2

[Event "17th Unive op"]
[Site "Hoogeveen NED"]
[Date "2013.10.25"]
[Round "8.12"]
[White "Van Wessel, Rudy"]
[Black "Beerdsen, Thomas"]
[Result "1-0"]
[WhiteElo "2388"]
[BlackElo "2106"]
[EventDate "2013.10.18"]
[PlyCount "143"]

1.d4 d5 2.c4 c6 3.Nc3 Nf6 4.Nf3 e6 5.cxd5 exd5 6.Bg5 Be7 7.Qc2 O-O 8.e3 
Re8 9.Bd3 Nbd7 10.O-O Nf8 11.Bxf6 Bxf6 12.b4 g6 13.b5 cxb5 14.Bxb5 Re7 15.
Rfc1 Rc7 16.Qb2 Be6 17.Ne1 Be7 18.Nd3 Bd6 19.Nb4 a6 20.Be2 Bxb4 21.Qxb4 
Rac8 22.Bd3 Rc6 23.Ne2 Rxc1+ 24.Nxc1 Rc7 25.Ne2 Qc8 26.Qa5 Nd7 27.Re1 Nf6 
28.f3 Bd7 29.e4 Bc6 30.e5 Nd7 31.Rc1 Nf8 32.f4 Kg7 33.h3 f5 34.exf6+ Kxf6 
35.Rf1 Kg7 36.f5 Rf7 37.Qd2 Bd7 38.g4 gxf5 39.Nf4 Ng6 40.Nh5+ Kg8 41.g5 
Qc7 42.Bc2 Kh8 43.Bb3 Bc6 44.Qf2 Rf8 45.h4 h6 46.Nf6 Qd6 47.Bc2 Bb5 48.Re1
Rxf6 49.gxf6 Qxf6 50.Bxf5 Nxh4 51.Bg4 Qxf2+ 52.Kxf2 Ng6 53.Re6 Kg7 54.Rb6 
Nf4 55.Ke3 Ng2+ 56.Kd2 Nf4 57.Bc8 h5 58.Ke3 Ng2+ 59.Kf3 Ne1+ 60.Kf4 Nd3+ 
61.Kg5 Nb4 62.Rxb7+ Kf8 63.Kf6 Nc6 64.Bf5 Ke8 65.Bd7+ Kd8 66.Rxb5 Kxd7 67.
Rxd5+ Kc7 68.Kg5 Nb4 69.Rc5+ Kd6 70.Ra5 Kc6 71.a3 Nc2 72.Rc5+ 1-0

[Event "17th Unive op"]
[Site "Hoogeveen NED"]
[Date "2013.10.25"]
[Round "8.13"]
[White "Baskin, Robert"]
[Black "Schroeder, Jan Christian"]
[Result "1/2-1/2"]
[WhiteElo "2179"]
[BlackElo "2370"]
[EventDate "2013.10.18"]
[PlyCount "89"]

1.e4 e5 2.Nf3 Nc6 3.Bb5 Nf6 4.O-O Nxe4 5.Re1 Nd6 6.Nxe5 Be7 7.Bf1 Nf5 8.c3
Nxe5 9.Rxe5 d6 10.Re1 O-O 11.d4 d5 12.Bf4 c6 13.Nd2 Nh4 14.Bg3 Nf5 15.Bf4 
Bd6 16.Bxd6 Nxd6 17.Bd3 Bf5 18.Bxf5 Nxf5 19.Nf3 f6 20.Qc2 Qd7 21.Re2 Rae8 
22.Rae1 Nd6 23.Nd2 g5 24.f3 Kg7 25.Rxe8 Rxe8 26.Rxe8 Qxe8 27.Kf2 h5 28.Qd3
h4 29.g4 f5 30.Qe3 Qxe3+ 31.Kxe3 Kf6 32.Kd3 b6 33.b3 Ke6 34.Nf1 fxg4 35.
fxg4 b5 36.Nd2 Kd7 37.Nf3 Ne4 38.Ne5+ Kc7 39.b4 Nf6 40.Kc2 Ne4 41.Kd3 Kb7 
42.Kc2 Kb6 43.Nd7+ Kc7 44.Ne5 Kd6 45.Kd3 1/2-1/2

[Event "17th Unive op"]
[Site "Hoogeveen NED"]
[Date "2013.10.25"]
[Round "8.15"]
[White "Hulshof, Peter"]
[Black "Okkes, Menno"]
[Result "1/2-1/2"]
[WhiteElo "2206"]
[BlackElo "2351"]
[EventDate "2013.10.18"]
[PlyCount "62"]

1.e4 c5 2.Nc3 Nc6 3.g3 g6 4.Bg2 Bg7 5.d3 d6 6.f4 e6 7.Nf3 Nge7 8.O-O O-O 
9.Be3 b6 10.d4 Ba6 11.Re1 Rc8 12.a4 d5 13.e5 Nf5 14.Bf2 Nfxd4 15.Nxd4 Nxd4
16.Bxd4 cxd4 17.Nb5 Bxb5 18.axb5 Qe7 19.Bf1 Rc7 20.Bd3 f6 21.exf6 Qxf6 22.
Qg4 Re7 23.Re2 e5 24.fxe5 Rxe5 25.Rxe5 Qxe5 26.Rf1 Qe3+ 27.Kg2 Qd2+ 28.Kh3
Qh6+ 29.Kg2 Qd2+ 30.Kh3 Qh6+ 31.Kg2 Qd2+ 1/2-1/2

[Event "17th Unive op"]
[Site "Hoogeveen NED"]
[Date "2013.10.25"]
[Round "8.16"]
[White "Zepeda, Lorena"]
[Black "Slingerland, Fred"]
[Result "1-0"]
[WhiteElo "2156"]
[BlackElo "2345"]
[EventDate "2013.10.18"]
[PlyCount "61"]

1.e4 c5 2.Nf3 d6 3.d4 cxd4 4.Nxd4 Nf6 5.Nc3 Nc6 6.Bc4 Bd7 7.Be3 g6 8.h3 
Bg7 9.Qd2 a6 10.Bb3 b5 11.Nxc6 Bxc6 12.Bd5 Qc7 13.a3 O-O 14.O-O Rfc8 15.
Bh6 Bxh6 16.Qxh6 a5 17.Bb3 Nxe4 18.Bxf7+ Kxf7 19.Qxh7+ Kf6 20.Nxe4+ Bxe4 
21.Qh4+ g5 22.Qxe4 Qxc2 23.Qd4+ Kf7 24.Qd5+ Kf6 25.Rae1 Qf5 26.Qd4+ Kf7 
27.Re3 Rc4 28.Qd1 Re8 29.b3 Re4 30.Qh5+ Kf8 31.g4 1-0

[Event "17th Unive op"]
[Site "Hoogeveen NED"]
[Date "2013.10.25"]
[Round "8.18"]
[White "Vereggen, Lars"]
[Black "Piasetski, Leon David"]
[Result "1/2-1/2"]
[WhiteElo "2121"]
[BlackElo "2295"]
[EventDate "2013.10.18"]
[PlyCount "65"]

1.d4 Nf6 2.c4 e6 3.Nc3 Bb4 4.e3 c5 5.Ne2 d6 6.a3 Ba5 7.g3 Nc6 8.Bg2 Bd7 9.
O-O a6 10.Rb1 Rb8 11.b4 Bc7 12.f4 cxd4 13.exd4 Ne7 14.Bb2 d5 15.c5 b5 16.
cxb6 Bxb6 17.Qd3 a5 18.b5 O-O 19.a4 Rc8 20.Ba3 Re8 21.Rfc1 Rc4 22.Nd1 Rxa4
23.Bc5 Rc4 24.Rxc4 dxc4 25.Qxc4 Ned5 26.Nec3 Bc8 27.Na4 Bc7 28.b6 Bb8 29.
b7 Bd7 30.Bb6 Qe7 31.Bc5 Qd8 32.Bb6 Qe7 33.Bc5 1/2-1/2

[Event "17th Unive op"]
[Site "Hoogeveen NED"]
[Date "2013.10.25"]
[Round "8.20"]
[White "Kollen, Zyon"]
[Black "Den Hartog, Marijn"]
[Result "1-0"]
[WhiteElo "2188"]
[BlackElo "1998"]
[EventDate "2013.10.18"]
[PlyCount "57"]

1.e4 e6 2.d4 d5 3.Nc3 Nf6 4.Bg5 dxe4 5.Nxe4 Nbd7 6.Nf3 Be7 7.Ng3 O-O 8.Bd3
h6 9.Bd2 c5 10.c3 b6 11.O-O Bb7 12.Qe2 Rc8 13.Rfe1 Qc7 14.Ne5 Bd6 15.Rac1 
Rcd8 16.Bf4 Bd5 17.Nh5 Nxh5 18.Qxh5 Nf6 19.Qh4 Nd7 20.c4 Bb7 21.Bxh6 Nxe5 
22.dxe5 gxh6 23.Qxh6 f5 24.Qxe6+ Qf7 25.exd6 Qxe6 26.Rxe6 Bc8 27.Re7 Rxd6 
28.Be2 Rd2 29.Bf3 1-0

[Event "17th Unive op"]
[Site "Hoogeveen NED"]
[Date "2013.10.25"]
[Round "8.21"]
[White "Gieben, Stijn"]
[Black "Vogel, Jaap"]
[Result "1/2-1/2"]
[WhiteElo "2022"]
[BlackElo "2180"]
[EventDate "2013.10.18"]
[PlyCount "64"]

1.e4 e6 2.d4 d5 3.Nc3 Bb4 4.exd5 exd5 5.Bd3 Nc6 6.a3 Be7 7.Nge2 Bf6 8.Be3 
Nge7 9.Qd2 Bf5 10.Bxf5 Nxf5 11.O-O-O Qd7 12.g4 Nxe3 13.Qxe3+ Kf8 14.g5 Re8
15.Qg3 Be7 16.f4 Na5 17.Qf3 c6 18.Ng3 Nc4 19.Rde1 h6 20.h4 Bd6 21.g6 fxg6 
22.f5 Rxe1+ 23.Rxe1 g5 24.Nh5 Qc7 25.Qe2 Qe7 26.Qd1 Qf7 27.Qg4 Kg8 28.f6 
g6 29.hxg5 hxg5 30.Ng7 Rh4 31.Qc8+ Kh7 32.Ne8 Bf8 1/2-1/2

[Event "17th Unive op"]
[Site "Hoogeveen NED"]
[Date "2013.10.25"]
[Round "8.22"]
[White "Van der Poel, Henk"]
[Black "Van Foreest, Lucas"]
[Result "1/2-1/2"]
[WhiteElo "2246"]
[BlackElo "2122"]
[EventDate "2013.10.18"]
[PlyCount "69"]

1.e4 e5 2.Nf3 Nc6 3.d4 exd4 4.Nxd4 g6 5.Nxc6 bxc6 6.Bc4 Bg7 7.O-O Ne7 8.
Nc3 O-O 9.Be3 Bb7 10.Bd4 Bxd4 11.Qxd4 d6 12.Rad1 c5 13.Qe3 Nc6 14.Nd5 Ne5 
15.Be2 Bxd5 16.Rxd5 Qe7 17.Rfd1 Rab8 18.b3 Nc6 19.c3 Rfe8 20.R5d2 Ne5 21.
Re1 a5 22.f4 Nd7 23.Bc4 Kg7 24.Rde2 f6 25.Qd3 g5 26.Bb5 gxf4 27.Bxd7 Qxd7 
28.Rf1 Re5 29.Rxf4 Rbe8 30.Ref2 Qe6 31.Qg3+ Rg5 32.Qf3 Rg6 33.c4 Qe5 34.h3
Re6 35.Rg4 1/2-1/2

[Event "17th Unive op"]
[Site "Hoogeveen NED"]
[Date "2013.10.25"]
[Round "8.24"]
[White "Klomp, Robert"]
[Black "Vistisen, Lars"]
[Result "1/2-1/2"]
[WhiteElo "2105"]
[BlackElo "2163"]
[EventDate "2013.10.18"]
[PlyCount "99"]

1.c4 e5 2.g3 Nf6 3.Bg2 c6 4.Nf3 d6 5.O-O Nbd7 6.Nc3 Be7 7.d4 Qc7 8.b3 Nf8 
9.Bb2 Ng6 10.Qc2 Bg4 11.Rad1 Qc8 12.dxe5 dxe5 13.Ne4 Nxe4 14.Qxe4 f6 15.a3
a5 16.Rd2 Bc5 17.Qc2 O-O 18.Rfd1 Qe6 19.Ne1 Qe7 20.a4 Bb6 21.h3 Be6 22.Nd3
Rad8 23.e4 Bd4 24.Bc3 b6 25.Bxd4 Rxd4 26.c5 b5 27.f4 bxa4 28.bxa4 Rc4 29.
Qb2 exf4 30.gxf4 Bf7 31.Qb6 Nh4 32.Qxc6 Nxg2 33.Rxg2 Rd8 34.Nf2 Rxd1+ 35.
Nxd1 Rxc5 36.Qa8+ Qe8 37.Qb7 Qxa4 38.Rd2 g6 39.Rd8+ Kg7 40.Rd7 Qa2 41.Nf2 
Rc1+ 42.Kg2 Rc2 43.Qa7 Qc4 44.Kg3 h5 45.h4 Qb3+ 46.Kg2 Qe6 47.Kf3 Rc3+ 48.
Kg2 Rc2 49.Kf3 Rc3+ 50.Kg2 1/2-1/2

[Event "17th Unive op"]
[Site "Hoogeveen NED"]
[Date "2013.10.25"]
[Round "8.25"]
[White "Stavast, Dick"]
[Black "Knol, Geon"]
[Result "1/2-1/2"]
[WhiteElo "2088"]
[BlackElo "2147"]
[EventDate "2013.10.18"]
[PlyCount "79"]

1.Nf3 Nf6 2.c4 e6 3.d4 Be7 4.Nc3 d5 5.e3 O-O 6.Bd3 b6 7.O-O dxc4 8.Bxc4 
Ba6 9.Bxa6 Nxa6 10.Qe2 Nb4 11.e4 c5 12.Rd1 Qc8 13.Bg5 h6 14.Bxf6 Bxf6 15.
e5 Be7 16.a3 cxd4 17.Rxd4 Nc6 18.Rc4 Qb7 19.Nb5 Rac8 20.Rac1 a6 21.Nd6 
Bxd6 22.exd6 b5 23.Rc5 b4 24.Qc2 bxa3 25.bxa3 Na7 26.Ne5 Rxc5 27.Qxc5 f6 
28.Ng6 Rd8 29.h4 Kh7 30.h5 Rc8 31.Qe3 Rxc1+ 32.Qxc1 Qd5 33.d7 Nc6 34.Nf8+ 
Kg8 35.Qxc6 Qxc6 36.d8=Q Qc1+ 37.Kh2 Qf4+ 38.Kg1 Qc1+ 39.Kh2 Qf4+ 40.Kg1 
1/2-1/2

[Event "17th Unive op"]
[Site "Hoogeveen NED"]
[Date "2013.10.25"]
[Round "8.27"]
[White "Hovenga, Alje"]
[Black "Henseler, Jorgen"]
[Result "1/2-1/2"]
[WhiteElo "2177"]
[BlackElo "2088"]
[EventDate "2013.10.18"]
[PlyCount "92"]

1.d4 Nf6 2.Nf3 g6 3.Nc3 d5 4.Bf4 c6 5.e3 Bg7 6.Be2 O-O 7.h4 Bg4 8.Ne5 Bxe2
9.Qxe2 Nbd7 10.f3 Nxe5 11.Bxe5 b5 12.g4 b4 13.Na4 Nd7 14.Bxg7 Kxg7 15.h5 
g5 16.h6+ Kh8 17.e4 dxe4 18.Qxe4 Qa5 19.b3 Qd5 20.Qe3 Qe6 21.Qxe6 fxe6 22.
Ke2 Rf4 23.Rad1 Raf8 24.Nc5 Nxc5 25.dxc5 Rxf3 26.Rd7 Rf2+ 27.Kd1 Kg8 28.
Rxe7 Rd8+ 29.Ke1 Rdd2 30.Rxe6 Kf7 31.Re4 Rxc2 32.Rh3 Rf4 33.Rxf4+ gxf4 34.
Rf3 Kg6 35.Rxf4 a5 36.Re4 Rxc5 37.Re6+ Kg5 38.Kd2 Rc3 39.Re5+ Kxh6 40.Rxa5
c5 41.a4 Kg5 42.Ra7 Kxg4 43.Rxh7 Rxb3 44.Rc7 Ra3 45.Rxc5 Rxa4 46.Kc2 Kf4 
1/2-1/2

[Event "17th Unive op"]
[Site "Hoogeveen NED"]
[Date "2013.10.25"]
[Round "8.29"]
[White "Ritsema, Ronald JE"]
[Black "Hendriks, Richard V"]
[Result "1/2-1/2"]
[WhiteElo "2012"]
[BlackElo "2104"]
[EventDate "2013.10.18"]
[PlyCount "47"]

1.c4 b6 2.d4 e6 3.Nf3 Bb7 4.a3 Nf6 5.Nc3 d5 6.Qa4+ c6 7.cxd5 exd5 8.Bg5 
Be7 9.e3 O-O 10.Be2 a5 11.O-O Ba6 12.Bxa6 Rxa6 13.Rfd1 b5 14.Qc2 Nbd7 15.
a4 b4 16.Bxf6 Nxf6 17.Nb1 Ne4 18.Nbd2 f5 19.Nxe4 fxe4 20.Nd2 Bd6 21.Nxe4 
dxe4 22.Qc4+ Kh8 23.Qxa6 Bxh2+ 24.Kxh2 1/2-1/2

[Event "17th Unive op"]
[Site "Hoogeveen NED"]
[Date "2013.10.25"]
[Round "8.30"]
[White "Hoffman, Ron"]
[Black "Buckels, Valentin"]
[Result "1/2-1/2"]
[WhiteElo "2055"]
[BlackElo "2058"]
[EventDate "2013.10.18"]
[PlyCount "27"]

1.d4 d5 2.c4 e6 3.Nc3 c5 4.cxd5 exd5 5.Nf3 Nc6 6.e3 Nf6 7.Bb5 a6 8.Bxc6+ 
bxc6 9.O-O cxd4 10.exd4 Be7 11.Ne5 Bd7 12.Bg5 O-O 13.Re1 Re8 14.Qd3 
1/2-1/2